Healing the land and the nation (Record no. 10507)
[ view plain ]
| 000 -LEADER | |
|---|---|
| fixed length control field | 02276nam a22003974a 4500 |
| 082 04 - DEWEY DECIMAL CLASSIFICATION NUMBER | |
| Classification number | 614.5/32095694 |
| 100 1# - MAIN ENTRY--AUTHOR NAME | |
| Personal name | Sufian, Sandra M. |
| 245 10 - TITLE STATEMENT | |
| Title | Healing the land and the nation |
| 260 ## - PUBLICATION, DISTRIBUTION, ETC. (IMPRINT) | |
| Place of publication | Chicago : |
| Name of publisher | University of Chicago Press, |
| Year of publication | c2007. |
| 300 ## - PHYSICAL DESCRIPTION | |
| Number of Pages | xviii, 385 p. : |
| Other physical details | ill., maps. |
| 505 0# - FORMATTED CONTENTS NOTE | |
| Formatted contents note | Archetypal landscape: healing the land and the nation in the Zionist imagination -- Pathological landscape: epidemiology and medical geography of malaria in Palestine -- Potential landscape: swamp drainage projects and the politics of settlement -- Technological landscape: the Jezreel Valley and the Huleh Valley projects -- Perceptual landscape: scientific experimentation, colonial medicine, and the medicalization of Palestine -- Cultural landscape: creating a culture of health through antimalaria education and propaganda -- Contested landscape: Palestinian Arabs and Zionist antimalaria projects -- Ecological landscape: old paradigms, new meanings. |
| 650 #0 - SUBJECT ADDED ENTRY--TOPICAL TERM | |
| Topical Term | Malaria |
| Topical Term | Malaria |
| Topical Term | Zionism |
| Topical Term | Zionism |
| 856 40 - ELECTRONIC LOCATION AND ACCESS | |
| Uniform Resource Identifier | http://site.ebrary.com/lib/rucke/Doc?id=10265933 |
No items available.
